| 000 | 00414nam a2200145 4500 | ||
|---|---|---|---|
| 001 | 108497 | ||
| 003 | ES-MaACL | ||
| 007 | t| | ||
| 008 | 061121s1953 sp r ||||1| spa d | ||
| 100 | 1 |
_aMonge Muley, Gerardo. _982192 |
|
| 245 | 1 | 0 |
_aEspañoles en Cuba / _cGerardo Monge Muley. |
| 260 |
_aBarcelona : _bLa Academia, _c1953. |
||
| 300 |
_a671 p., 5 lám : _bil. ; _c27 cm. |
||
| 852 |
_aES-MaACL _jC-6567 _bR.35075 |
||
| 999 |
_c108497 _d108497 |
||